Normal view
MARC view
- ستيتكيفيتش، سوزان بينكي ؛ ترجمة وتقديم حسن البنا عز الدين
Entry Personal Name
001 - CONTROL NUMBER
- control field: 40179
003 - CONTROL NUMBER IDENTIFIER
- control field: JO-AjAnu
005 - DATE AND TIME OF LATEST TRANSACTION
- control field: 20230606080657.0
008 - FIXED-LENGTH DATA ELEMENTS
- fixed length control field: 230606|| aca||aabn | a|a d
040 ## - CATALOGING SOURCE
- Original cataloging agency: JO-AjAnu
- Transcribing agency: JO-AjAnu
100 ## - HEADING--PERSONAL NAME
- Personal name: ستيتكيفيتش، سوزان بينكي ؛ ترجمة وتقديم حسن البنا عز الدين
670 ## - SOURCE DATA FOUND
- Source citation: Work cat.: (JO-AjAnu)20597: ستيتكيفيتش، سوزان بينكي ؛ ترجمة وتقديم حسن البنا عز الدين, author, دراسات أدبية: أدب السياسة وسياسة الأدب التفسير الطقوسي لقصيدة المدح في الشعر العربي القديم